[Event "POL-chT U19 2nd League"]
[Site "Iwonicz"]
[Date "2015.08.01"]
[Round "5.51"]
[White "Kopaczewski, Adam"]
[Black "Kosinski, Bartosz"]
[Result "1-0"]
[WhiteElo "1835"]
[BlackElo "1618"]
[PlyCount "105"]
[EventDate "2015.07.25"]
[EventType "team-swiss"]
[EventRounds "11"]
[EventCountry "POL"]
[SourceTitle "EXT 2019"]
[Source "ChessBase"]
[SourceDate "2018.10.10"]
[SourceVersion "1"]
[SourceVersionDate "2018.10.10"]
[SourceQuality "1"]
[WhiteTeam "Grudziadz Rotmistrz U19"]
[BlackTeam "Wroclaw MUKS MDK Srodmiescie U19 II"]
[WhiteTeamCountry "POL"]
[BlackTeamCountry "POL"]

1. e4 c5 2. Nf3 d6 3. d4 cxd4 4. Nxd4 Nf6 5. Nc3 g6 6. Be3 Bg7 7. f3 0-0 8. Bc4 Nc6 9. Bb3 Bd7 10. Qd2 Rc8 11. g4 Qa5 12. h4 Ne5 13. h5 Nc4 14. Bxc4 Rxc4 15. Nb3 Qc7 16. Bd4 Be6 17. hxg6 fxg6 18. Qh2 Rf7 19. 0-0-0 Bh8 20. Qh6 Bg7 21. Qh2 Bh8 22. e5 Ne8 23. exd6 Qxd6 24. Bxh8 Qxh2 25. Rxh2 Kxh8 26. Nd4 Nc7 27. Ne4 Bd5 28. Ng5 Rf4 29. Rxh7+ Kg8 30. Rxe7 Rfxd4 31. Rxd4 Rxd4 32. Rxc7 Bc6 33. Rg7+ Kxg7 34. Ne6+ Kf6 35. Nxd4 Bd5 36. Kd2 Ke5 37. Ke3 Bxa2 38. b3 a5 39. f4+ Kf6 40. Nb5 a4 41. bxa4 Bd5 42. Nc3 Bc6 43. a5 Ke6 44. Kd4 Bf3 45. g5 Kf5 46. Nd5 Ke6 47. c4 Kd6 48. Nb4 Bg2 49. Nd3 Bh3 50. Ne5 Bf5 51. c5+ Kc7 52. Kd5 Bc2 53. Ke6 1-0

[Event "POL-chT U19 2nd League"]
[Site "Iwonicz"]
[Date "2015.08.01"]
[Round "3.69"]
[White "Kosinski, Bartosz"]
[Black "Kowalczyk, Fryderyk"]
[Result "1-0"]
[WhiteElo "1618"]
[BlackElo "1348"]
[PlyCount "107"]
[EventDate "2015.07.25"]
[EventType "team-swiss"]
[EventRounds "11"]
[EventCountry "POL"]
[SourceTitle "EXT 2019"]
[Source "ChessBase"]
[SourceDate "2018.10.10"]
[SourceVersion "1"]
[SourceVersionDate "2018.10.10"]
[SourceQuality "1"]
[WhiteTeam "Wroclaw MUKS MDK Srodmiescie U19 II"]
[BlackTeam "Pszczyna PSSz U19"]
[WhiteTeamCountry "POL"]
[BlackTeamCountry "POL"]

1. e4 e5 2. Nf3 Nc6 3. Bc4 Nf6 4. Ng5 d5 5. exd5 Na5 6. Bb5+ c6 7. dxc6 bxc6 8. Bd3 h6 9. Ne4 Nxe4 10. Bxe4 Bc5 11. Qf3 Qf6 12. c3 Qxf3 13. Bxf3 Nb7 14. Bxc6+ Ke7 15. 0-0 Rd8 16. b4 Bb6 17. c4 Bd4 18. Nc3 Rb8 19. Bb2 Nd6 20. Nd5+ Kf8 21. Bxd4 exd4 22. d3 Be6 23. b5 Nxb5 24. cxb5 Bxd5 25. Rfc1 Rd6 26. Bxd5 Rxd5 27. a4 a6 28. bxa6 Ra8 29. Rc6 Ra5 30. Rd6 R5xa6 31. Rxd4 Rc8 32. Rc4 Rxc4 33. dxc4 Rc6 34. a5 Rxc4 35. a6 Rc8 36. a7 Ra8 37. Kf1 Ke7 38. Ra6 Kd7 39. Ke2 Kc7 40. Ke3 Kb7 41. Ra4 Rxa7 42. Rxa7+ Kxa7 43. Ke4 Kb7 44. Ke5 Kc7 45. f4 Kd7 46. g4 Ke7 47. h4 f6+ 48. Kd5 g6 49. f5 gxf5 50. gxf5 h5 51. Kc6 Kf7 52. Kd6 Kf8 53. Ke6 Kg7 54. Ke7 1-0

[Event "POL-chT U19 2nd League"]
[Site "Iwonicz"]
[Date "2015.08.01"]
[Round "10.51"]
[White "Leskiewicz, Ignacy"]
[Black "Kosinski, Bartosz"]
[Result "1/2-1/2"]
[WhiteElo "1689"]
[BlackElo "1618"]
[PlyCount "57"]
[EventDate "2015.07.25"]
[EventType "team-swiss"]
[EventRounds "11"]
[EventCountry "POL"]
[SourceTitle "EXT 2019"]
[Source "ChessBase"]
[SourceDate "2018.10.10"]
[SourceVersion "1"]
[SourceVersionDate "2018.10.10"]
[SourceQuality "1"]
[WhiteTeam "Konin UKS Smecz U19"]
[BlackTeam "Wroclaw MUKS MDK Srodmiescie U19 II"]
[WhiteTeamCountry "POL"]
[BlackTeamCountry "POL"]

1. e4 c5 2. Nf3 d6 3. d4 cxd4 4. Nxd4 Nf6 5. Nc3 g6 6. Be3 Bg7 7. f3 0-0 8. Qd2 Nc6 9. 0-0-0 d5 10. Qe1 e5 11. Nxc6 bxc6 12. exd5 cxd5 13. Bg5 Be6 14. Qxe5 h6 15. Bh4 g5 16. Bg3 Ne4 17. Qxe4 dxe4 18. Rxd8 Rfxd8 19. Nxe4 Bxa2 20. b3 Rac8 21. Nd6 Rc6 22. Nc4 Rc5 23. Be1 Rcd5 24. Be2 Re8 25. Bd1 Rc8 26. Be2 Re8 27. Bd1 Rc8 28. Be2 Re8 29. Bd1 1/2-1/2

[Event "Wloclawek CC Classic 12th"]
[Site "Wloclawek"]
[Date "2015.??.??"]
[Round "2"]
[White "Kosinski, Bartosz"]
[Black "Cichocki, Konrad"]
[Result "1/2-1/2"]
[WhiteElo "1595"]
[BlackElo "1881"]
[PlyCount "140"]
[EventDate "2015.03.??"]
[EventType "swiss"]
[EventRounds "7"]
[EventCountry "POL"]
[SourceTitle "EXT 2021"]
[Source "ChessBase"]
[SourceDate "2020.10.23"]
[SourceVersion "1"]
[SourceVersionDate "2020.10.23"]
[SourceQuality "1"]

1. e4 e5 2. Nc3 Bc5 3. Nf3 Nc6 4. Nxe5 Nxe5 5. d4 Bxd4 6. Qxd4 Qf6 7. Nb5 c6 8. Nd6+ Kf8 9. Be3 Ng4 10. Bc4 Nxe3 11. fxe3 Qxd4 12. exd4 Nh6 13. Bxf7 Nxf7 14. Rf1 Ke7 15. Nxf7 Rf8 16. Ng5 Rxf1+ 17. Kxf1 h6 18. Nf3 d6 19. Ke2 Be6 20. Kd3 b5 21. b3 a5 22. a4 b4 23. Re1 Rf8 24. d5 Bd7 25. Nd4 Rc8 26. Nf5+ Bxf5 27. exf5+ Kf7 28. dxc6 Rxc6 29. Re6 Rc3+ 30. Kd2 Rc6 31. g4 Kf8 32. h4 Kf7 33. Re2 h5 34. g5 Rc5 35. Rf2 Re5 36. f6 Re4 37. g6+ Kf8 38. f7 Rg4 39. Rf5 Rxg6 40. Rxh5 Rh6 41. Rxa5 Rxh4 42. Rd5 Kxf7 43. Rxd6 g5 44. a5 g4 45. Ke3 Rh5 46. a6 Rc5 47. a7 Ra5 48. Rd7+ Ke6 49. Rb7 Kf5 50. Kf2 Kg5 51. Kg3 Ra2 52. Rb5+ Kf6 53. Rxb4 Rxa7 54. Kxg4 Rc7 55. c4 Ke5 56. Rb5+ Kd4 57. Kf5 Re7 58. Rb8 Kc5 59. Rc8+ Kb4 60. Rb8+ Kc5 61. Kf6 Re3 62. Rc8+ Kb4 63. c5 Kb5 64. Kf7 Rc3 65. b4 Kxb4 66. c6 Kb5 67. Rb8+ Ka6 68. Rc8 Kb6 69. c7 Rxc7+ 70. Rxc7 Kxc7 1/2-1/2

[Event "Wloclawek CC Classic 12th"]
[Site "Wloclawek"]
[Date "2015.??.??"]
[Round "4"]
[White "Kosinski, Bartosz"]
[Black "Parol, Pola"]
[Result "0-1"]
[WhiteElo "1595"]
[BlackElo "1859"]
[PlyCount "96"]
[EventDate "2015.03.??"]
[EventType "swiss"]
[EventRounds "7"]
[EventCountry "POL"]
[SourceTitle "EXT 2021"]
[Source "ChessBase"]
[SourceDate "2020.10.23"]
[SourceVersion "1"]
[SourceVersionDate "2020.10.23"]
[SourceQuality "1"]

1. e4 e6 2. d4 d5 3. Nd2 Nc6 4. Ngf3 Nf6 5. e5 Ne4 6. Bd3 Nxd2 7. Bxd2 Nb4 8. Be2 c5 9. Bxb4 cxb4 10. Qd2 Be7 11. 0-0 0-0 12. Rfd1 Bd7 13. c3 bxc3 14. Qxc3 Qb6 15. a3 Rac8 16. Qd2 Bb5 17. Rac1 Bxe2 18. Qxe2 Rc6 19. Rc2 Rfc8 20. Rdc1 Qb3 21. Rxc6 Rxc6 22. Rxc6 bxc6 23. g3 c5 24. Kg2 c4 25. Ne1 a5 26. Qc2 a4 27. Kf1 Bd8 28. Ke2 Ba5 29. Qc1 Kf8 30. h3 Ke8 31. Kf1 Kd7 32. Ke2 Kc6 33. Kf1 Kb5 34. Qf4 Qd1 35. Qe3 Qb1 36. Qe2 Bxe1 37. Qxe1 Qxb2 38. Qe3 Qb3 39. Qg5 Qxa3 40. Qd8 Qd3+ 41. Kg2 Qxd4 42. Qd7+ Kb4 43. Qe7+ Qc5 44. Qxf7 c3 45. Qf4+ Qc4 46. Qc1 c2 47. Qb2+ Ka5 48. Qc1 Qd3 0-1

[Event "Wloclawek CC Classic 12th"]
[Site "Wloclawek"]
[Date "2015.??.??"]
[Round "1"]
[White "Wieckowska, Oliwia"]
[Black "Kosinski, Bartosz"]
[Result "0-1"]
[WhiteElo "1400"]
[BlackElo "1595"]
[PlyCount "42"]
[EventDate "2015.03.??"]
[EventType "swiss"]
[EventRounds "7"]
[EventCountry "POL"]
[SourceTitle "EXT 2021"]
[Source "ChessBase"]
[SourceDate "2020.10.23"]
[SourceVersion "1"]
[SourceVersionDate "2020.10.23"]
[SourceQuality "1"]

1. e4 Nc6 2. Nc3 f5 3. exf5 Nf6 4. Nf3 d5 5. d4 Bxf5 6. Bf4 e6 7. Bd3 Qd7 8. 0-0 0-0-0 9. Re1 Bg4 10. h3 Bxf3 11. Qxf3 Nxd4 12. Qe3 Bc5 13. Be5 Nb3 14. Qf3 Nxa1 15. Rxa1 Rhf8 16. Bg3 Ne4 17. Qd1 Nxg3 18. Kh2 Bxf2 19. Qd2 Qd6 20. Qc1 Nf1+ 21. Kh1 Qh2# 0-1

[Event "Wroclaw op-B 8th"]
[Site "Wroclaw"]
[Date "2013.07.04"]
[Round "4"]
[White "Kawaler, Adam"]
[Black "Kosinski, Bartosz"]
[Result "1/2-1/2"]
[WhiteElo "1671"]
[BlackElo "1454"]
[PlyCount "50"]
[EventDate "2013.07.01"]
[EventType "swiss"]
[EventRounds "9"]
[EventCountry "POL"]
[SourceTitle "EXT 2014"]
[Source "ChessBase"]
[SourceDate "2013.11.20"]
[SourceVersion "1"]
[SourceVersionDate "2013.11.20"]
[SourceQuality "1"]

1. d4 Nf6 2. Nf3 g6 3. c4 Bg7 4. g3 0-0 5. Bg2 d6 6. 0-0 Nc6 7. Bf4 a6 8. Nc3 Bf5 9. Re1 Nh5 10. Bd2 Nxd4 11. Nxd4 Bxd4 12. Bh6 Bg7 13. Bxg7 Nxg7 14. Bxb7 Rb8 15. Bxa6 Rxb2 16. e4 Bd7 17. Rb1 Rxb1 18. Qxb1 c6 19. Qb4 c5 20. Qb2 Qa5 21. Bb5 Rb8 22. Rb1 Ne6 23. Nd5 Nd4 24. Nxe7+ Kf8 25. Nd5 Bxb5 1/2-1/2

[Event "Polanica Zdroj op-D 48th"]
[Site "Polanica Zdroj"]
[Date "2012.08.20"]
[Round "3"]
[White "Kosinski, Bartosz"]
[Black "Golaszewski, Marek"]
[Result "1-0"]
[WhiteElo "1396"]
[BlackElo "1667"]
[PlyCount "91"]
[EventDate "2012.08.18"]
[EventType "swiss"]
[EventRounds "9"]
[EventCountry "POL"]
[SourceTitle "EXT 2014"]
[Source "ChessBase"]
[SourceDate "2013.11.20"]
[SourceVersion "1"]
[SourceVersionDate "2013.11.20"]
[SourceQuality "1"]

1. e4 e5 2. Nc3 Nc6 3. f4 Nf6 4. Nf3 d6 5. Bb5 Bd7 6. Bxc6 Bxc6 7. fxe5 dxe5 8. Nxe5 Bd6 9. Nxc6 bxc6 10. d4 Nd7 11. 0-0 0-0 12. e5 Bb4 13. Qg4 Re8 14. Bg5 Be7 15. Bh6 Bf8 16. Ne4 Re6 17. Bg5 Be7 18. Qf5 Qe8 19. Bxe7 Rxe7 20. Ng5 Nf8 21. Rf3 h6 22. Ne4 Qd8 23. c3 Ne6 24. Rg3 g6 25. Nf6+ Kh8 26. Qe4 Rb8 27. b3 Rb6 28. Qh4 Qf8 29. Ng4 h5 30. Nf6 Ng7 31. Qg5 Ne6 32. Qh4 Ng7 33. Rf1 Re6 34. Nd7 Qe8 35. Nxb6 cxb6 36. Qf4 Nf5 37. Rgf3 c5 38. Re1 cxd4 39. cxd4 Qd7 40. Rd3 Qd5 41. Qe4 Qa5 42. d5 Qc5+ 43. Kh1 Re8 44. d6 Nh6 45. Rd5 Qc3 46. Qe3 1-0

[Event "Wroclaw New Year op"]
[Site "Wroclaw"]
[Date "2011.12.28"]
[Round "?"]
[White "White, John2222"]
[Black "Kosinski, Bartosz"]
[Result "1-0"]
[WhiteElo "1915"]
[BlackElo "1491"]
[PlyCount "67"]
[EventDate "2011.12.28"]
[EventType "swiss"]
[EventRounds "5"]
[EventCountry "POL"]
[SourceTitle "EXT 2023"]
[Source "ChessBase"]
[SourceDate "2022.10.05"]
[SourceVersion "1"]
[SourceVersionDate "2022.10.05"]
[SourceQuality "1"]

1. e4 e6 2. d4 d5 3. Nc3 Nf6 4. e5 Nfd7 5. f4 c5 6. Nf3 Nc6 7. Be3 a6 8. Qd2 b5 9. Be2 b4 10. Nd1 a5 11. 0-0 Qb6 12. Kh1 Ba6 13. Bxa6 Rxa6 14. Nf2 Be7 15. c3 c4 16. Nh3 h6 17. Rae1 f5 18. exf6 Nxf6 19. Nf2 a4 20. Ne5 Qb7 21. Ng6 Rg8 22. Nxe7 Qxe7 23. f5 bxc3 24. bxc3 Nd8 25. Bf4 Rf8 26. Qb2 Nh5 27. Qb5+ Rc6 28. Rxe6 Nxe6 29. Qxc6+ Kd8 30. Qa8+ Kd7 31. fxe6+ Qxe6 32. Qxf8 Qe2 33. Qd6+ Ke8 34. Qe5+ 1-0